000 02692cam a22005057a 4500
001 17780102
003 Nust- CAS-E
005 20180118181358.0
008 130617s2010 gw a b 001 0 eng
010 _a 2012554540
015 _aGBA9B6740
_2bnb
015 _a09,N41,0612
_2dnb
016 7 _a015433972
_2Uk
020 _a9783527322732
020 _a3527322736
035 _a(OCoLC)ocn473476885
040 _aUKM
_beng
_cUKM
_dC#P
_dBWX
_dYDXCP
_dDEBBG
_dOCL
_dCDX
_dOCL
_dAGL
_dOHX
_dU5D
_dSZR
_dVRC
_dBDX
_dDLC
042 _aukblcatcopy
_alccopycat
050 0 0 _aTP245.H9
_bH36 2010
070 0 _aTP245.H9
_bH36 2010
082 0 4 _a665.81
_222
_bHAN 2010
084 _a540
_2sdnb
084 _aERG 770b
_2stub
084 _aVE 9850
_2rvk
084 _aZP 4150
_2rvk
245 0 0 _aHandbook of hydrogen storage :
_bnew materials for future energy storage /
_cedited by Michael Hirscher ; [foreword by Katsuhiko Hirose].
260 _aWeinheim :
_bWiley-VCH,
_c2010.
300 _axx, 353 p. :
_bill. (some col.) ;
_c25 cm.
504 _aIncludes bibliographical references and index.
505 0 _aStorage of hydrogen in the pure form -- Physisorption in porous materials -- Clathrate hydrates -- Metal hydrides -- Complex hydrides -- Amides, imides and mixtures -- Tailoring reaction enthalpies of hydrides -- Ammonia borane and related compounds as hydrogen source materials -- Aluminum hydride (Alane) -- Nanoparticles and 3D supported nanomaterials.
520 8 _aThis handbook provides an overview of the technologies and focuses on the developments in the solid state storage of hydrogen, while tackling one of the most important questions for alternative and environment-friendly energy carriers.
650 0 _aHydrogen
_xStorage.
650 0 7 _aHydrid-Speicher.
_2swd
650 0 7 _aNanostrukturiertes Material.
_2swd
650 0 7 _aWasserstoff-Speicher.
_2swd
650 0 7 _aWasserstoffspeicherung.
_2swd
700 1 _aHirscher, Michael.
856 _uhttp://bvbr.bib-bvb.de:8991/F?func=service&doc_library=BVB01&doc_number=018662602&line_number=0001&func_code=DB_RECORDS&service_type=MEDIA
_zInhaltsverzeichnis
856 4 2 _qtext/html
_uhttp://deposit.d-nb.de/cgi-bin/dokserv?id=3357025&prov=M&dok_var=1&dok_ext=htm
_3Inhaltstext
856 _uhttp://bvbr.bib-bvb.de:8991/F?func=serviceetdoc_library=BVB01etdoc_number=018662602etline_number=0001etfunc_code=DB_RECORDSetservice_type=MEDIA
_zInhaltsverzeichnis
856 4 2 _uhttp://deposit.d-nb.de/cgi-bin/dokserv?id=3357025etprov=Metdok_var=1etdok_ext=htm
_3Inhaltstext
906 _a7
_bcbc
_ccopycat
_d2
_encip
_f20
_gy-gencatlg
942 _2ddc
_cBK
999 _c355332
_d355332